000 00529nam a2200217Ia 4500
003 OSt
005 20221005131328.0
006 a|||||r|||| 00| 0
007 ta
008 221004b |||||||| |||| 00| 0 snd d
024 _a6517
037 _cTextual
040 _aCRL
_cCRL
_bsnd
041 _2snd
_asnd
082 _aY15.44Q74, 1593L4
100 _aAsrani
_9207281
245 0 _aSindhi Veer Nariyun
260 _c1974
942 _hY15.44Q74, 1593L4
_cTEXL
_2cc
999 _c1059976
_d1059976